00510nam a22001572 4500001001100000005001700011008004100028020002700069040001500096100003100111245006000142260003200202300001800234650006100252700003900313000000633620151217152016.0071018s xx 000 0 eng d a0631203193 :cKES 2890 aKABUcKABU1 aAronoff, Mark.@000015778610aWhat is mophology? /cMark Aronoff and Kirsten Fudeman. aOxford :bBlackwell,c2005. axvii, 257 p. 0aGrammar, Comparative and generalxMophology.@00001577871 aFudeman, Kristen Anne.@0000157788